[Event "Hessen-ch Gr-D 62nd"]
[Site "Hanau"]
[Date "2008.03.21"]
[Round "1"]
[White "Cimen, Merih"]
[Black "Kellerwessel, Ralf"]
[Result "0-1"]
[WhiteElo "1556"]
[BlackElo "1693"]
[PlyCount "50"]
[EventDate "2008.03.21"]
[EventType "swiss"]
[EventRounds "5"]
[EventCountry "GER"]
[SourceTitle "CBM 123 Extra"]
[Source "ChessBase"]
[SourceDate "2008.05.06"]
[SourceVersion "1"]
[SourceVersionDate "2008.05.06"]
[SourceQuality "1"]

1. e4 e5 2. Nf3 Nc6 3. d4 exd4 4. Nxd4 Qh4 5. Nb5 Bb4+ 6. Bd2 Qxe4+ 7. Qe2 Qxe2+ 8. Bxe2 Kd8 9. 0-0 a6 10. Bc3 Bxc3 11. N5xc3 Nf6 12. Bc4 Nd4 13. Nd2 Ne6 14. Nde4 Nxe4 15. Nxe4 f5 16. Bxe6 dxe6 17. Rad1+ Ke7 18. Ng3 Bd7 19. Rfe1 g6 20. h4 Rad8 21. Re5 Kf6 22. Rc5 Bc6 23. Re1 Rd6 24. Rce5 b6 25. Ne2 Kxe5 0-1

[Event "Hessen-ch Gr-D 62nd"]
[Site "Hanau"]
[Date "2008.03.21"]
[Round "2"]
[White "Cimen, Merih"]
[Black "Kuehn, Thomas"]
[Result "0-1"]
[WhiteElo "1556"]
[BlackElo "1926"]
[PlyCount "92"]
[EventDate "2008.03.21"]
[EventType "swiss"]
[EventRounds "5"]
[EventCountry "GER"]
[SourceTitle "CBM 123 Extra"]
[Source "ChessBase"]
[SourceDate "2008.05.06"]
[SourceVersion "1"]
[SourceVersionDate "2008.05.06"]
[SourceQuality "1"]

1. e4 d5 2. exd5 Qxd5 3. Nc3 Qa5 4. d4 Bf5 5. Bd2 c6 6. Bc4 e6 7. Nf3 Bb4 8. a3 Bxc3 9. Bxc3 Qd8 10. 0-0 Nf6 11. b4 0-0 12. h3 Nbd7 13. Re1 Nb6 14. Bb3 Nbd5 15. Bb2 a5 16. c4 Ne7 17. d5 cxd5 18. Bxf6 gxf6 19. cxd5 Nxd5 20. Bxd5 Qxd5 21. Qxd5 exd5 22. Nd4 Bd3 23. Red1 Bc4 24. Nf5 Rfd8 25. Rac1 axb4 26. axb4 b5 27. Ne7+ Kf8 28. Nc6 Re8 29. Na5 Re2 30. Rb1 Rae8 31. Nc6 Ba2 32. Ra1 Rb2 33. Nd4 Bc4 34. Rab1 Ra2 35. Ra1 Rea8 36. Rxa2 Rxa2 37. Rb1 Rd2 38. Nf5 Bd3 39. Rc1 Bxf5 40. Rc5 Bd7 41. g4 d4 42. Rd5 Ke7 43. Kf1 Be6 44. Rc5 Bc4+ 45. Kg2 Rb2 46. Rh5 d3 0-1

[Event "Main Vogelsberg op 2nd"]
[Site "Grossauheim"]
[Date "2007.06.10"]
[Round "7"]
[White "Cimen, Merih"]
[Black "Hoellwarth, Kai"]
[Result "1-0"]
[WhiteElo "1321"]
[BlackElo "1608"]
[PlyCount "43"]
[EventDate "2007.06.07"]
[EventType "swiss"]
[EventRounds "7"]
[EventCountry "GER"]
[SourceTitle "EXT 2008"]
[Source "ChessBase"]
[SourceDate "2007.11.25"]
[SourceVersion "1"]
[SourceVersionDate "2007.11.25"]
[SourceQuality "1"]

1. e4 d5 2. exd5 Qxd5 3. Nc3 Qa5 4. d4 Nf6 5. Bc4 c6 6. Bd2 Qd8 7. Nf3 Nbd7 8. 0-0 Nb6 9. Bb3 Nbd5 10. h3 Bf5 11. Re1 e6 12. Nxd5 cxd5 13. Ba4+ Nd7 14. Ne5 Bd6 15. Nxd7 Ke7 16. Qf3 Bxc2 17. Bg5+ f6 18. Bxf6+ gxf6 19. Qxf6+ Ke8 20. Qxh8+ Ke7 21. Qg7+ Ke8 22. Qf6 1-0